Guess the lyrics (#101) - Statistics

General Stats
  • This quiz has been taken 58 times
  • The average score is 60 of 146
Answer Stats
answer % Correct
I
98%
a
94%
you,
89%
you
89%
You
89%
you?
89%
an
87%
the
85%
And
81%
and
81%
be
79%
me
79%
your
77%
to
74%
my
72%
is
68%
izzy
68%
do
66%
go
66%
on
66%
No
62%
no
62%
when
62%
if
57%
by
55%
not
55%
for
53%
it's
53%
of
53%
we're
53%
I'm
49%
This
49%
I'll
47%
don't
45%
could
43%
get
43%
too?
43%
how
40%
us
40%
say
36%
she
36%
yeah
36%
yeah,
36%
Yeah
36%
make
32%
them
30%
been
28%
gon'
28%
life
28%
you've
28%
You've
28%
Baby
26%
I've
23%
gonna
15%
lover
15%
made
13%
stay
13%
wanna
13%
While
13%
shoes
11%
best
9%
better
9%
living
9%
side
9%
tell
9%
truth
9%
'Cause
6%
mean
6%
new
6%
nights
6%
okay
6%
rain
6%
talking,
6%
Light
4%
Okay,
4%
okay,
4%
okay
4%
thinking
4%
west
4%
almost
2%
'bout
2%
city
2%
enemy,
2%
face
2%
fooled
2%
honest
2%
jeans
2%
less
2%
memory
2%
remember
2%
Remember
2%
rest
2%
showing
2%
Sleepless
2%
Stockholmsvy,
2%
Stockholmsvy
2%
wearing
2%
diamonds
0%
honestly
0%
lied
0%
myself
0%
veins
0%
No matching quizzes found
Score Distribution
Percent of People with Each Score
Percentile by Number Answered
Your Score History
You have not taken this quiz